কপালকুন্তলা : (Record no. 59416)
[ view plain ]
| 000 -LEADER | |
|---|---|
| fixed length control field | 01152nam a2200229 a 4500 |
| 001 - CONTROL NUMBER | |
| control field | 59416 |
| 003 - CONTROL NUMBER IDENTIFIER | |
| rucl marc code | BD-RjUL |
| 005 - DATE AND TIME OF LATEST TRANSACTION | |
| control field | 20211209080727.0 |
| 008 - FIXED-LENGTH DATA ELEMENTS--GENERAL INFORMATION | |
| fixed length control field | 161224s2005 ii ||||| |||| 00| 0 ben d |
| 035 ## - SYSTEM CONTROL NUMBER | |
| System control number | (BD-RjUL)59540 |
| 040 ## - CATALOGING SOURCE | |
| Original cataloging agency | BD-RjUL |
| Language of cataloging | ben |
| Transcribing agency | BD-RjUL |
| Modifying agency | BD-RjUL |
| 041 ## - LANGUAGE CODE | |
| Language code of text/sound track or separate title | ben |
| 082 ## - DEWEY DECIMAL CLASSIFICATION NUMBER | |
| Edition number | 23 |
| Classification number | 891.44309 |
| Author mark and year | CHK 2005 |
| 100 ## - MAIN ENTRY--PERSONAL NAME | |
| Personal name | চট্টোপাধ্যায়, বঙ্কিমচন্দ্র |
| 9 (RLIN) | 162716 |
| 245 10 - TITLE STATEMENT | |
| Title | কপালকুন্তলা : |
| Remainder of title | [১৮৬৬ খ্রিস্টাব্দে প্রথম প্রকাশিত] / |
| Statement of responsibility, etc. | বঙ্কিমচন্দ্র চট্টোপাধ্যায়, ক্ষেত্র গুপ্ত সম্পাদিত |
| 260 ## - PUBLICATION, DISTRIBUTION, ETC. (IMPRINT) | |
| Place of publication, distribution, etc. | কলকাতা : |
| Name of publisher, distributor, etc. | পুস্তক বিপণি, |
| Date of publication, distribution, etc. | ২০০৫ |
| 300 ## - PHYSICAL DESCRIPTION | |
| Pagination | বিভিন্ন পৃ. ; |
| Size | ২১ সেমি. |
| 650 ## - SUBJECT ADDED ENTRY--TOPICAL TERM | |
| Topical term or geographic name as entry element | বাংলা উপন্যাস |
| Form subdivision | ইতিহাস ও সমালোচনা |
| 9 (RLIN) | 162717 |
| Topical term or geographic name as entry element | Bengali Fictions |
| Form subdivision | History and Criticism |
| 9 (RLIN) | 162451 |
| 700 ## - ADDED ENTRY--PERSONAL NAME | |
| Personal name | গুপ্ত, ক্ষেত্র সম্পাদিত |
| 942 ## - ADDED ENTRY ELEMENTS (KOHA) | |
| Source of classification or shelving scheme | Dewey Decimal Classification |
| Koha item type | Books |
| Lost status | Source of classification or shelving scheme | Damaged status | Not for loan | Collection code | Permanent Location | Current Location | Shelving location | Date acquired | Source of acquisition | Cost, normal purchase price | Total Checkouts | Full call number | Date last seen | Copy number | Koha item type |
|---|---|---|---|---|---|---|---|---|---|---|---|---|---|---|---|
| Dewey Decimal Classification | Not For Loan | Fiction | Central Library, University of Rajshahi | Central Library, University of Rajshahi | Reading Room | 03/03/2008 | 60.00 | 0.00 | B 891.44309 CHK 2005 | 24/12/2016 | C-1 | Books |